Alle Apache 207 Songs nach Streamingzahlen - Statistiken

Allgemein
  • Dieses Quiz wurde 50 mal gespielt
  • Das Durchschnittsergebnis liegt bei 34 aus 89
Antwortstatistiken
Streams Antwort % Korrekt
453,549,294 Roller
97%
*278,063,574 Komet
92%
224,021,819 200 km/h
82%
*194,261,778 2002
72%
*160,075,631 Wunder
72%
148,340,164 Fame
69%
152,304,612 Bläulich
64%
139,130,230 Kein Problem
62%
*163,971,194 Madonna
62%
77,287,859 Brot nach Hause
59%
110,691,995 Breaking your heart
56%
40,624,708 Miami
54%
14,433,321 Morgen
54%
81,190,536 Sex mit dir
54%
64,991,373 Sport
54%
*18,645,532 Gesegnet
51%
88,797,826 Boot
49%
57,647,953 Kleine Hure
49%
5,523,580 Mann muss
49%
38,654,708 Was weißt du schon
49%
4,358,665 Wolken
49%
*12,670,060 JUPITER
46%
40,448,588 Loser
46%
*2,661,350 Skit Tiefgaragen
46%
*7,962,888 Tiefgaragen
46%
149,099,621 Wieso tust Du dir das an?
46%
44,275,575 Beef
44%
105,736,307 Doch in der Nacht
44%
54,604,080 Famous
44%
5,777,375 GWHF
44%
70,092,305 Unterwegs
44%
1,219,158 8 Uhr
41%
61,143,684 Matrix
41%
47,032,903 Vodka
41%
74,234,979 Angst
38%
*18,626,742 Cold as Ice
38%
21,059,216 Lamborghini Doors
38%
3,628,178 Lamborghini Doors - Piano Version
38%
71,263,181 Neunzig
38%
33,206,829 2sad2disco
36%
2,637,944 Ein Lied für dich
36%
952,737 Engel
36%
66,898,148 Fühlst du das auch
36%
60,033,566 Sie ruft
36%
20,653,894 Thunfisch & Weinbrand
36%
18,149,353 Weißes Kleid
36%
60,152,230 Wenn das so bleibt
36%
74,692,027 2 Minuten
33%
1,350,723 7er
33%
*9,856,043 Bei Nacht
33%
23,336,849 Coco Chanel
33%
5,838,790 Geblitzt
33%
30,507,784 Grey Goose
33%
37,649,420 Nie mehr gehen
33%
29,212,748 28 Liter
31%
1,170,475 Bis tief in die Nacht
31%
55,117,811 Ferrari Testarossa
31%
13,415,546 Schimmel in der Villa
31%
918,019 Wir haben uns lieb
31%
33,129,175 Auf und Ab
28%
11,256,255 Nebengasse
28%
32,054,078 Nicht wie du
28%
28,911,107 Nie verstehen
28%
1,081,063 Porsche 911
28%
10,032,635 Schrei
28%
*7,927,057 Yay
28%
701,040 Für die Kamera
26%
15,389,528 Stimmen
26%
12,367,426 Vorstadt
26%
8,127,165 An der Uhr gedreht
23%
26,549,086 Beifahrersitz
23%
8,941,110 Capri Sonne
23%
1,056,163 Die Welt
23%
8,393,113 Gefunden
23%
21,265,873 No No
23%
834,459 Wieder alleine
23%
12,101,950 Der Teufel weint
21%
631,687 Jumpa's BTN extended
21%
33,456,957 Keine Fragen
21%
15,405,566 Rhythm of the Night
21%
25,460,792 SIDECHICKZ
18%
10,196,385 So weit
18%
22,165,863 Durch die Straßen
15%
5,459,659 Raus hier
15%
28,862,249 Sag mir wer
15%
10,625,546 Kurz vor 4
13%
19,181,558 Nur noch einen Schluck
13%
7,003,681 Ohne Gnade
13%
18,583,112 Ein letztes Mal
10%
Keine übereinstimmenden Quizze gefunden
Verteilung der Resultate
Anzahl Personen mit jedem Resultat
Perzentil nach korrekt beantworteten Fragen
Ihre Resultats-Entwicklung
Sie haben dieses Quiz noch nicht gespielt